000 01235nam a2200313 i 4500
001 66785
003 ES-MaACL
005 20230906165832.0
007 t|
008 030704s2002 sp ||||0| spa d
020 _a84-95394-48-0
040 _aM-BN
_bspa
_cM-BN
080 _a271.2(460.33)"12/15"
080 _a271.2(460.288 Chinchilla)"12/15"
080 _a271.2(460.288 Alcaraz)"12/15"
100 1 _aAyllón Gutiérrez, Carlos.
_924167
245 1 3 _aLa Orden de Predicadores en el sureste de Castilla
_b: (las fundaciones medievales de Murcia, Chinchilla y Alcaraz hasta el Concilio de Trento) /
_cCarlos Ayllón Gutiérrez.
260 _aAlbacete :
_bInstituto de Estudios Albacetenses "Don Juan Manuel",
_c2002.
300 _a183 p. ;
_c24 cm.
490 1 _aSerie I--Estudios ;
_v142
504 _aBibliografía: p. [167]-172. Indice.
610 2 7 _aDominicos-
_zMurcia (Comunidad Autónoma)-
_yS.XIII-XVI.
_93408
610 2 7 _aDominicos-
_zChinchilla de Monte-Aragón-
_yS.XIII-XVI.
_93407
610 2 7 _aDominicos-
_zAlcaraz-
_yS.XIII-XVI.
_93405
710 2 _aInstituto de Estudios Albacetenses.
_94884
830 0 _aSerie I--Estudios ;
_v142
_9179228
852 _aES-MaACL
_jL-27294
_bR.132915
999 _c66785
_d66785